Cuerpos que importan: sobre los límites materiales y discursivos del sexo

Պահպանված է:
Մատենագիտական մանրամասներ
Հիմնական հեղինակ: Butler, Judith (Հեղինակ)
Ձևաչափ: Գիրք
Լեզու:իսպաներեն
Հրապարակվել է: Buenos Aires Paidós 2018
Հրատարակություն:1a. ed
Խորագրեր:
Ցուցիչներ: Ավելացրեք ցուցիչ
Չկան պիտակներ, Եղեք առաջինը, ով նշում է այս գրառումը!

MARC

LEADER 00000cam a2200000 a 4500
001 UCC8598
003 CL-VaPUC
005 20210528001738.0
008 190719e20180000ag |||||||||||||||||spa|d
020 |a 9789501297416 
040 |c Pontificia Universidad Católica de Valparaíso 
082 0 4 |a 305.4  |b BUT  |2 21 
100 0 |a Butler, Judith  |e author  |9 603287 
245 1 0 |a Cuerpos que importan: sobre los límites materiales y discursivos del sexo 
250 |a 1a. ed 
260 |a Buenos Aires  |b Paidós  |c 2018 
300 |a 345 p 
583 |a last modification  |c 20190719 13:28:00  |k Rodrigo Vera 
650 0 |a Feminismo  |9 259085 
650 7 |a SEXOLOGIA  |2 CL-VaPUC  |9 360197 
650 0 |a Mujeres  |9 257649 
942 |c BK 
945 |d 20190719 13:28:00  |a dcastane 
999 |c 374872  |d 374870 
952 |0 0  |1 0  |3 erb  |4 0  |6 305_400000000000000_BUT_2018  |7 0  |8 A  |9 493611  |a BIBING  |b BIBING  |i 5555701  |l 2  |m 1  |o 305.4 BUT 2018  |p 5555701  |r 2025-01-20  |s 2024-08-19  |w 2019-11-24  |y BK  |z Catalogado en:20190719  |k GEO